000 01044cam a2200277 4500
008 090401t1995 xxu||||| |||| 00| 0 eng d
020 _a0632039078
035 _a(Sirsi) u47846
041 _aeng
050 _a690.2
100 _aNoy, Edward A
245 _aBuilding surveys and reports.
250 _a2nd ed.
260 _aOxford
_bBlackwell Science
_c1995
300 _axiv,364p. : ill. ; 24cm.
350 _a26.7
520 _aSecond edition of a book providing guidance on structural surveys of all types of building, including historical buildings. Contains chapters on building defects, fire and flood damage, report writing and the law, which takes into account recent negligence cases. Concludes with checklists and sample reports.
650 _aBUILDING DEFECTS
650 _aFIRE DAMAGE
650 _aFLOOD DAMAGE
650 _aBUILT ENVIRONMENT-BUILDING SURVEYING-STRUCTURAL SURVEYING
650 _aSurvey reports
_96270
690 _aBUILT ENVIRONMENT-BUILDING INSPECTION
942 _n0
948 _c04/03/1997
999 _c92218
_d92218